Kabale University Library Catalogue

Writing, a College Handbook / (Record no. 1280)

MARC details
000 -LEADER
fixed length control field 00816cam a2200241 a 4500
003 - CONTROL NUMBER IDENTIFIER
control field OSt
005 - DATE AND TIME OF LATEST TRANSACTION
control field 20200824121127.0
008 - FIXED-LENGTH DATA ELEMENTS--GENERAL INFORMATION
fixed length control field 851216s1986 nyua 001 0 eng
020 ## - INTERNATIONAL STANDARD BOOK NUMBER
International Standard Book Number 0393954994
040 ## - CATALOGING SOURCE
Original cataloging agency DLC
Transcribing agency KABLIB
Modifying agency KABLIB
082 00 - DEWEY DECIMAL CLASSIFICATION NUMBER
Classification number 808.042
Edition number 23
Item number HEF
100 1# - MAIN ENTRY--PERSONAL NAME
Personal name Heffernan, James A. W.
9 (RLIN) 3707
245 10 - TITLE STATEMENT
Title Writing, a College Handbook /
Statement of responsibility, etc. James A.W. Heffernan, John E. Lincoln.
250 ## - EDITION STATEMENT
Edition statement 2nd ed.
260 ## - PUBLICATION, DISTRIBUTION, ETC.
Place of publication, distribution, etc. New York :
Name of publisher, distributor, etc. Norton,
Date of publication, distribution, etc. c1986.
300 ## - PHYSICAL DESCRIPTION
Extent xxx, 685 p. :
Other physical details ill. ;
Dimensions 23 cm.
500 ## - GENERAL NOTE
General note Includes index.
650 #0 - SUBJECT ADDED ENTRY--TOPICAL TERM
Topical term or geographic name entry element English language
General subdivision Rhetoric
-- Handbooks, manuals, etc.
9 (RLIN) 3708
650 #0 - SUBJECT ADDED ENTRY--TOPICAL TERM
Topical term or geographic name entry element English language
General subdivision Grammar
-- Handbooks, manuals, etc.
9 (RLIN) 3709
650 #0 - SUBJECT ADDED ENTRY--TOPICAL TERM
Topical term or geographic name entry element Report writing
General subdivision Handbooks, manuals, etc.
9 (RLIN) 3710
700 1# - ADDED ENTRY--PERSONAL NAME
Personal name Lincoln, John E.
Relator term Joint Author.
9 (RLIN) 3711
942 ## - ADDED ENTRY ELEMENTS (KOHA)
Source of classification or shelving scheme Dewey Decimal Classification
Koha item type Book
Holdings
Withdrawn status Lost status Source of classification or shelving scheme Damaged status Not for loan Home library Current library Shelving location Date acquired Total Checkouts Full call number Barcode Date last seen Price effective from Koha item type
    Dewey Decimal Classification     Education Library Education Library Open Access Section 29.07.2020   808.042 HEF 5911 29.07.2020 29.07.2020 Book
    Dewey Decimal Classification     Education Library Education Library Open Access Section 24.08.2020   808.042 HEF 6873 24.08.2020 24.08.2020 Book
    Dewey Decimal Classification     Education Library Education Library Reserve Section 05.10.2020   808.042 HEF 5905 05.10.2020 05.10.2020 Book

Kabale University Library | Kabale University P.O Box 317, Kabale, Uganda
Tel : +256754017033, +256774661503 E-mail : library@kab.ac.ug